Economic transformation and industrial restructuring (Record no. 692044)

MARC details
000 -LEADER
fixed length control field 00767nam a2200253Ia 4500
003 - CONTROL NUMBER IDENTIFIER
control field OSt
005 - DATE AND TIME OF LATEST TRANSACTION
control field 20220927105342.0
008 - FIXED-LENGTH DATA ELEMENTS--GENERAL INFORMATION
fixed length control field 220926b |||||||| |||| 00| 0 eng d
020 ## - INTERNATIONAL STANDARD BOOK NUMBER
International Standard Book Number 9784621085011
037 ## - SOURCE OF ACQUISITION
Terms of availability Reference Collections
040 ## - CATALOGING SOURCE
Original cataloging agency RTL
Transcribing agency RTL
Language of cataloging eng
041 ## - LANGUAGE CODE
Source of code eng
Language code of text/sound track or separate title eng
100 ## - MAIN ENTRY--PERSONAL NAME
Personal name Iwasaki Ichiro
9 (RLIN) 371882
245 #0 - TITLE STATEMENT
Title Economic transformation and industrial restructuring
Remainder of title The Hungarian experience
260 ## - PUBLICATION, DISTRIBUTION, ETC.
Place of publication, distribution, etc. Tokyo
Name of publisher, distributor, etc. Maruzen Publishing
Date of publication, distribution, etc. 2012
300 ## - PHYSICAL DESCRIPTION
Extent "xvi, 296p"
Dimensions cm.
490 ## - SERIES STATEMENT
Series statement Economic Research Series; No. 43
942 ## - ADDED ENTRY ELEMENTS (KOHA)
Classification part "X9OgF.5932, Q2"
Koha item type
Holdings
Withdrawn status Lost status Damaged status Not for loan Home library Current library Date acquired Total Checkouts Full call number Barcode Date last seen Price effective from Koha item type
        Ratan Tata Library Ratan Tata Library 2022-09-27   "X9OgF.5932 Q2" RT1330670 2022-09-27 2022-09-27  
Copyright @ Delhi University Library System